[Event "Olimpiade 2014 - Open"]
[Site "Tromsø"]
[Date "08.08.2014"]
[Round "6.16"]
[Board "4"]
[White "Ipatov, Alexander"]
[Black "Kantans, Toms"]
[Result "0-1"]
[WhiteTitle "GM"]
[BlackTitle "IM"]
[WhiteElo "2614"]
[BlackElo "2496"]
[WhiteTeam "Turkey"]
[BlackTeam "Latvia"]
[WhiteFideId "14116731"]
[BlackFideId "11602945"]
[EventDate "2014.08.02"]

1. d4 Nf6 2. Nc3 d5 3. Bf4 Bf5 4. f3 e6 5. g4 Bg6 6. h4 h5 7. g5 Nfd7 8. e3 a6
9. Bd3 Bxd3 10. Qxd3 c5 11. g6 f6 12. Nge2 Nc6 13. a3 Qb6 14. Bh2 O-O-O 15.
O-O-O Na5 16. Na4 Qc6 17. Nxc5 Bxc5 18. dxc5 Nxc5 19. Qc3 e5 20. b3 d4 21. exd4
exd4 22. Nxd4 Ncxb3+ 23. Kb2 Nxd4 24. Rxd4 Rxd4 25. Qxd4 Nc4+ 26. Ka1 Re8 27.
Qa7 Re3 28. Qb8+ Kd7 29. Rd1+ Ke6 30. Rd3 Rxd3 31. cxd3 Nd2 32. Kb2 Nxf3 33.
Qg8+ Kf5 34. Qxg7 Nd4 35. Qc7 Qg2+ 36. Kb1 Kxg6 37. Qg3+ Qxg3 38. Bxg3 Kf5 39.
Bf2 Ke5 40. Kb2 Kd5 41. Kc3 Nc6 42. Kd2 b5 43. Ke3 Nd4 44. Kd2 a5 45. Kc3 Nc6
46. Bb6 f5 47. Be3 Ke5 48. Kd2 f4 49. Bb6 Kf5 50. Ke2 b4 51. axb4 axb4 52. Kd2
Ne7 53. Bc5 Nd5 54. Kc2 Kg4 55. Kb3 f3 56. Kc4 Kg3 57. Kxd5 b3 0-1

[Event "Olimpiade 2014 - Open"]
[Site "Tromsø"]
[Date "08.08.2014"]
[Round "6.17"]
[Board "1"]
[White "Ivanchuk, Vassily"]
[Black "Pelletier, Yannick"]
[Result "1-0"]
[WhiteTitle "GM"]
[BlackTitle "GM"]
[WhiteElo "2744"]
[BlackElo "2578"]
[WhiteTeam "Ukraine"]
[BlackTeam "Switzerland"]
[WhiteFideId "14100010"]
[BlackFideId "1301837"]
[EventDate "2014.08.02"]

1. e4 c5 2. Nf3 e6 3. g3 Nc6 4. Bg2 Nf6 5. Qe2 d5 6. exd5 Nxd5 7. O-O Be7 8. Rd1
O-O 9. d4 cxd4 10. Nxd4 Nxd4 11. Rxd4 Bf6 12. Rd1 Qc7 13. c4 Ne7 14. Bf4 e5 15.
Bd2 Be6 16. b3 Rad8 17. Nc3 Nf5 18. Rac1 Rfe8 19. h4 Qb8 20. Nd5 Bxd5 21. Bxd5
b6 22. h5 Nd4 23. Qe4 Qc8 24. Kg2 Qf5 25. Qxf5 Nxf5 26. g4 Ne7 27. Bf3 Nc8 28.
Bc6 Re6 29. Bd5 Red6 30. g5 Be7 31. Re1 Bf8 32. Bc3 Rxd5 33. cxd5 f6 34. h6 1-0

[Event "Olimpiade 2014 - Open"]
[Site "Tromsø"]
[Date "08.08.2014"]
[Round "6.17"]
[Board "2"]
[White "Gallagher, Joseph G."]
[Black "Ponomariov, Ruslan"]
[Result "0-1"]
[WhiteTitle "GM"]
[BlackTitle "GM"]
[WhiteElo "2473"]
[BlackElo "2717"]
[WhiteTeam "Switzerland"]
[BlackTeam "Ukraine"]
[WhiteFideId "1303422"]
[BlackFideId "14103320"]
[EventDate "2014.08.02"]

1. e4 e5 2. Nf3 d6 3. d4 exd4 4. Nxd4 Nf6 5. Nc3 Be7 6. g3 O-O 7. Bg2 Re8 8. O-O
c6 9. h3 Na6 10. Re1 Bf8 11. Bf4 Nd7 12. Qd2 Ne5 13. Rad1 Bd7 14. Kh2 Nc5 15.
Qc1 a5 16. a4 Qc7 17. b3 Rad8 18. Bg5 f6 19. Be3 Nf7 20. f4 Bc8 21. Qd2 g6 22.
Qf2 Bg7 23. Kh1 Rd7 24. g4 Rde7 25. Qg3 Kh8 26. Bf2 Bd7 27. Re2 f5 28. exf5 Rxe2
29. Ndxe2 gxf5 30. Nd4 fxg4 31. hxg4 d5 32. Nxc6 Qxc6 33. Bxd5 Qh6+ 34. Kg1 Ne6
35. f5 Be5 36. fxe6 Bxg3 37. Bd4+ Ne5 0-1

[Event "Olimpiade 2014 - Open"]
[Site "Tromsø"]
[Date "08.08.2014"]
[Round "6.17"]
[Board "3"]
[White "Eljanov, Pavel"]
[Black "Georgiadis, Nico"]
[Result "1/2-1/2"]
[WhiteTitle "GM"]
[BlackTitle "IM"]
[WhiteElo "2723"]
[BlackElo "2448"]
[WhiteTeam "Ukraine"]
[BlackTeam "Switzerland"]
[WhiteFideId "14102951"]
[BlackFideId "1300113"]
[EventDate "2014.08.02"]

1. d4 d5 2. c4 e6 3. Nc3 Bb4 4. e3 Nf6 5. a3 Bxc3+ 6. bxc3 O-O 7. cxd5 Qxd5 8.
c4 Qd6 9. Bd3 c5 10. Ne2 b6 11. Bb2 Bb7 12. Ng3 Rd8 13. Nh5 Nbd7 14. O-O Qc6 15.
Nf4 h6 16. f3 Qd6 17. Ne2 Rac8 18. Ng3 cxd4 19. exd4 Nc5 20. Be2 Qf4 21. a4 Qe3+
22. Rf2 a5 23. Ra3 Qf4 24. Bf1 Na6 25. Qa1 Nb4 26. d5 Ba6 27. Be5 Qh4 28. Ne4
Ne8 29. f4 exd5 30. Rh3 Qe7 31. Ng3 f6 32. Bd4 Bxc4 33. Nf5 Qe4 34. Ng3 Qe6 35.
Qb1 Bxf1 36. Rxf1 Rc2 37. Re1 Qc8 38. Bxb6 Nd3 39. Nf5 Nxe1 40. Ne7+ Kf7 41.
Nxc8 Rdxc8 42. Qxe1 Rc1 43. Bxa5 Rxe1+ 44. Bxe1 Rc1 45. Kf1 Ra1 46. a5 Nd6 47.
Rb3 Nc4 48. Rb7+ Kg6 49. Ke2 Ra2+ 50. Kf3 Ra3+ 51. Ke2 Nxa5 52. f5+ Kxf5 53.
Bxa5 Rxa5 54. Rxg7 1/2-1/2

[Event "Olimpiade 2014 - Open"]
[Site "Tromsø"]
[Date "08.08.2014"]
[Round "6.17"]
[Board "4"]
[White "Kurmann, Oliver"]
[Black "Moiseenko, Alexander"]
[Result "0-1"]
[WhiteTitle "IM"]
[BlackTitle "GM"]
[WhiteElo "2423"]
[BlackElo "2707"]
[WhiteTeam "Switzerland"]
[BlackTeam "Ukraine"]
[WhiteFideId "1308173"]
[BlackFideId "14102560"]
[EventDate "2014.08.02"]

1. e4 c5 2. Nf3 e6 3. d4 cxd4 4. Nxd4 Nf6 5. Nc3 Nc6 6. Nxc6 bxc6 7. e5 Nd5 8.
Ne4 Qc7 9. f4 Rb8 10. c4 Bb4+ 11. Ke2 O-O 12. cxd5 cxd5 13. Nd6 f6 14. Nxc8 fxe5
15. a3 Bc5 16. Qc2 Rbxc8 17. b4 exf4 18. Bb2 Be3 19. Qxc7 Rxc7 20. Kd3 d6 21. g3
e5 22. gxf4 Bxf4 23. Bg2 e4+ 24. Bxe4 dxe4+ 25. Kxe4 Rc2 26. Bd4 Rd2 0-1

[Event "Olimpiade 2014 - Open"]
[Site "Tromsø"]
[Date "08.08.2014"]
[Round "6.18"]
[Board "3"]
[White "Sutovsky, Emil"]
[Black "Gerzhoy, Leonid"]
[Result "1-0"]
[WhiteTitle "GM"]
[BlackTitle "IM"]
[WhiteElo "2624"]
[BlackElo "2473"]
[WhiteTeam "Israel"]
[BlackTeam "Canada"]
[WhiteFideId "2802007"]
[BlackFideId "2806126"]
[EventDate "2014.08.02"]

1. e4 c6 2. Nc3 d5 3. Nf3 Bg4 4. h3 Bxf3 5. Qxf3 Nf6 6. d3 e6 7. Bd2 Nbd7 8. g4
g6 9. O-O-O Bg7 10. Qg3 O-O 11. f4 b5 12. e5 Ne8 13. h4 f6 14. d4 c5 15. h5 cxd4
16. Nxb5 g5 17. h6 Bh8 18. Rh5 gxf4 19. Qxf4 Nxe5 20. Nxd4 Qb6 21. Bg2 Ng6 22.
Qe3 Nc7 23. Nxe6 Qxe3 24. Bxe3 Nxe6 25. Bxd5 Rae8 26. Bc5 Rf7 27. Bxe6 Rxe6 28.
Rd8+ Nf8 29. b4 Re4 30. Rhd5 Rxg4 31. Ra8 Rg5 32. Rdd8 Rxc5 33. bxc5 f5 34. c6
Be5 35. Rd7 f4 36. Re8 Bc7 37. Rc8 Bb6 38. Rxf7 Kxf7 39. c7 Bxc7 40. Rxc7+ Kg6
41. Rxa7 Kxh6 42. Rf7 Ng6 43. a4 1-0

[Event "Olimpiade 2014 - Open"]
[Site "Tromsø"]
[Date "08.08.2014"]
[Round "6.18"]
[Board "4"]
[White "Sambuev, Bator"]
[Black "Postny, Evgeny"]
[Result "1/2-1/2"]
[WhiteTitle "GM"]
[BlackTitle "GM"]
[WhiteElo "2528"]
[BlackElo "2651"]
[WhiteTeam "Canada"]
[BlackTeam "Israel"]
[WhiteFideId "4128290"]
[BlackFideId "2804344"]
[EventDate "2014.08.02"]

1. c4 Nf6 2. Nc3 e5 3. e3 g6 4. d4 exd4 5. exd4 Bg7 6. Qe2+ Qe7 7. Nf3 Qxe2+ 8.
Bxe2 d6 9. h3 O-O 10. Be3 c6 11. g4 d5 12. cxd5 Nxd5 13. Nxd5 cxd5 14. Ne5 Nc6
15. f4 f6 16. Nd3 Re8 17. Kd2 f5 18. Ne5 g5 19. Bb5 a6 20. Bxc6 bxc6 21. Rac1
fxg4 22. hxg4 gxf4 23. Bxf4 Rb8 24. b3 Rb6 25. Rh5 a5 26. Rxc6 Rxc6 27. Nxc6 Re4
28. Be5 Bf8 29. Bc7 Rxg4 30. Bxa5 Bb7 31. Ne5 Rxd4+ 32. Kc2 Bg7 33. Bd2 Re4 34.
Nd3 Rg4 35. Nc5 Bc6 36. a4 d4 37. a5 Rg3 38. Rg5 Rxg5 39. Bxg5 Kf7 40. a6 Bf8
41. Nd3 Ke6 42. b4 Be4 43. b5 Kd7 44. Bf6 Bc5 45. Kd2 Ba7 46. Nb2 Bc6 47. bxc6+
Kxc6 48. Kd3 Kb5 49. Bxd4 Bxd4 50. Kxd4 Kxa6 1/2-1/2

[Event "Olimpiade 2014 - Open"]
[Site "Tromsø"]
[Date "08.08.2014"]
[Round "6.19"]
[Board "1"]
[White "Wojtaszek, Radoslaw"]
[Black "Granda Zuniga, Julio E"]
[Result "1/2-1/2"]
[WhiteTitle "GM"]
[BlackTitle "GM"]
[WhiteElo "2735"]
[BlackElo "2663"]
[WhiteTeam "Poland"]
[BlackTeam "Peru"]
[WhiteFideId "1118358"]
[BlackFideId "3800024"]
[EventDate "2014.08.02"]

1. d4 Nf6 2. c4 e6 3. Nf3 Bb4+ 4. Nbd2 d5 5. Qa4+ Nc6 6. a3 Be7 7. e3 O-O 8. Qc2
a5 9. b3 Nb8 10. Bb2 b6 11. Bd3 Bb7 12. O-O Nbd7 13. Ne5 h6 14. cxd5 Nxe5 15.
dxe5 Nxd5 16. Rad1 Qd7 17. Ne4 Rfd8 18. Qe2 Qe8 19. Qg4 Qf8 20. Nf6+ Kh8 21. Qe4
Nxf6 22. exf6 Bxe4 23. fxg7+ Qxg7 24. Bxg7+ Kxg7 25. Bxe4 Rxd1 26. Rxd1 Rd8 27.
Rxd8 Bxd8 28. Kf1 a4 29. bxa4 Be7 30. Ke2 Bxa3 31. Kd3 1/2-1/2

[Event "Olimpiade 2014 - Open"]
[Site "Tromsø"]
[Date "08.08.2014"]
[Round "6.19"]
[Board "2"]
[White "Cordova, Emilio"]
[Black "Gajewski, Grzegorz"]
[Result "1/2-1/2"]
[WhiteTitle "GM"]
[BlackTitle "GM"]
[WhiteElo "2629"]
[BlackElo "2659"]
[WhiteTeam "Peru"]
[BlackTeam "Poland"]
[WhiteFideId "3801497"]
[BlackFideId "1116207"]
[EventDate "2014.08.02"]

1. Nf3 d5 2. g3 c6 3. c4 Bg4 4. Bg2 e6 5. O-O Nf6 6. cxd5 Bxf3 7. Bxf3 cxd5 8.
Nc3 Nc6 9. d3 Be7 10. a3 O-O 11. Bg2 Rc8 12. Bd2 a6 13. Rc1 b5 14. Na2 a5 15. b4
Qb6 16. Qc2 axb4 17. Nxb4 Na7 18. Qb2 Nd7 19. Bh3 Bf6 20. Qb1 Qb7 21. f4 Nc6 22.
e3 Nxb4 23. Qxb4 Qb6 24. Rxc8 Rxc8 25. Rb1 Qd8 26. d4 Be7 27. Qxb5 Rb8 28. Qd3
Rxb1+ 29. Qxb1 Bxa3 30. f5 exf5 31. Qb3 Qe7 32. Bxf5 Nf6 33. Qb8+ Qf8 34. Qb7
Qe7 35. Qxe7 Bxe7 36. Ba5 g6 37. Bc8 h5 38. h3 Ne4 39. Kg2 Nd6 40. Ba6 f5 41.
Kf3 Kf7 42. Be1 Ke6 43. Bd3 Ne4 44. Bb5 Nd6 45. Bc6 Bg5 46. h4 Bd8 47. Bb4 Bc7
48. Bxd6 Bxd6 49. Be8 Kf6 50. Bc6 Ke6 51. Be8 1/2-1/2

[Event "Olimpiade 2014 - Open"]
[Site "Tromsø"]
[Date "08.08.2014"]
[Round "6.19"]
[Board "4"]
[White "Cruz, Cristhian"]
[Black "Bartel, Mateusz"]
[Result "1/2-1/2"]
[WhiteTitle "GM"]
[BlackTitle "GM"]
[WhiteElo "2553"]
[BlackElo "2640"]
[WhiteTeam "Peru"]
[BlackTeam "Poland"]
[WhiteFideId "3801969"]
[BlackFideId "1112635"]
[EventDate "2014.08.02"]

1. d4 Nf6 2. c4 e6 3. Nc3 Bb4 4. e3 O-O 5. Ne2 Re8 6. a3 Bf8 7. d5 a5 8. Ng3 Na6
9. Rb1 Nc5 10. b3 exd5 11. cxd5 c6 12. a4 d6 13. Bc4 Bg4 14. f3 cxd5 15. Nxd5
Nxd5 16. Bxd5 Be6 17. O-O Qb6 18. Bxe6 Nxe6 19. Kh1 d5 20. Qxd5 Rad8 21. Qc4 Rc8
22. Qg4 Red8 23. Ne4 Be7 24. Qf5 Rc7 25. Bd2 Bb4 26. Bxb4 axb4 27. Rfe1 h6 28.
h3 Rcd7 29. Qg4 Rd3 30. f4 Nc7 31. f5 Nd5 32. f6 Nxf6 33. Nxf6+ Qxf6 34. Qxb4
Qc6 35. Rbc1 Qd5 36. Rc4 Re8 37. e4 Qg5 38. Rd4 Rg3 39. Rd5 Qh4 40. Re2 Re6 41.
Qe1 Qf4 42. Rf5 Qc7 43. Re3 Rxe3 44. Qxe3 Rc6 45. Qf4 Qxf4 46. Rxf4 Rc1+ 47. Kh2
Rb1 48. Rf3 Re1 49. Rc3 Rxe4 50. Rc8+ Kh7 51. Rc7 Rb4 52. Rxf7 Rxb3 1/2-1/2

[Event "Olimpiade 2014 - Open"]
[Site "Tromsø"]
[Date "08.08.2014"]
[Round "6.20"]
[Board "1"]
[White "Banikas, Hristos"]
[Black "Al-Modiahki, Mohamad"]
[Result "1/2-1/2"]
[WhiteTitle "GM"]
[BlackTitle "GM"]
[WhiteElo "2644"]
[BlackElo "2549"]
[WhiteTeam "Greece"]
[BlackTeam "Qatar"]
[WhiteFideId "4202031"]
[BlackFideId "12100030"]
[EventDate "2014.08.02"]

1. d4 Nf6 2. c4 g6 3. Nc3 Bg7 4. e4 d6 5. f3 O-O 6. Be3 c5 7. Nge2 Nc6 8. d5 Ne5
9. Ng3 e6 10. Be2 a6 11. a4 Qb6 12. a5 Qd8 13. O-O exd5 14. cxd5 Bd7 15. Qb3 Rb8
16. Qb6 Qxb6 17. axb6 Rfc8 18. Rfc1 Be8 19. f4 Ned7 20. Na4 h5 21. h4 Ng4 22.
Bxg4 hxg4 23. h5 Nf6 24. hxg6 fxg6 25. Nc3 Nd7 26. Na4 Nf6 27. Nc3 Nd7 28. Na4
Nf6 29. Nc3 Nd7 1/2-1/2

[Event "Olimpiade 2014 - Open"]
[Site "Tromsø"]
[Date "08.08.2014"]
[Round "6.20"]
[Board "2"]
[White "Al-Sayed, Mohammed"]
[Black "Papaioannou, Ioannis"]
[Result "1/2-1/2"]
[WhiteTitle "GM"]
[BlackTitle "GM"]
[WhiteElo "2505"]
[BlackElo "2641"]
[WhiteTeam "Qatar"]
[BlackTeam "Greece"]
[WhiteFideId "12100196"]
[BlackFideId "4201345"]
[EventDate "2014.08.02"]

1. d4 Nf6 2. c4 e6 3. Nf3 Bb4+ 4. Bd2 Qe7 5. g3 Bxd2+ 6. Qxd2 Nc6 7. Nc3 d5 8.
Ne5 dxc4 9. Nxc6 bxc6 10. Bg2 O-O 11. O-O Rd8 12. Rfd1 Rb8 13. Qc2 Ba6 14. Na4
Bb5 15. Nc5 Nd7 16. Nxd7 Qxd7 17. e3 h5 18. Rdc1 Qd6 19. b3 cxb3 20. axb3 e5 21.
dxe5 Qxe5 22. Bxc6 a6 23. Qe4 Qf6 24. Qf3 Qe5 25. Qe4 Qf6 26. Qf3 Qe5 27. Qe4
Qf6 1/2-1/2

[Event "Olimpiade 2014 - Open"]
[Site "Tromsø"]
[Date "08.08.2014"]
[Round "6.20"]
[Board "3"]
[White "Mastrovasilis, Dimitrios"]
[Black "Zhu, Chen"]
[Result "1/2-1/2"]
[WhiteTitle "GM"]
[BlackTitle "GM"]
[WhiteElo "2608"]
[BlackElo "2461"]
[WhiteTeam "Greece"]
[BlackTeam "Qatar"]
[WhiteFideId "4202694"]
[BlackFideId "8600546"]
[EventDate "2014.08.02"]

1. e4 e5 2. Nf3 Nc6 3. Bb5 Nf6 4. d3 Bc5 5. Bxc6 dxc6 6. h3 Nd7 7. Nbd2 O-O 8.
O-O Re8 9. Nc4 f6 10. Be3 Bxe3 11. Nxe3 Nf8 12. h4 c5 13. h5 Be6 14. Nh4 b6 15.
Qf3 h6 16. Nhf5 Qd7 17. g3 Rad8 18. b3 Bxf5 19. Qxf5 Qxf5 20. Nxf5 Ne6 21. Kg2
Nd4 22. Ne3 Rd7 23. Rh1 a5 24. a4 Kh7 25. Rh4 Rf7 26. Re1 Nc6 27. Rf1 Nd4 28. f4
Rd7 29. Rf2 Kh8 30. Nc4 Nc6 31. Kf1 Kg8 32. Ne3 Nd4 33. Nc4 Nc6 34. Ke2 Rf7 35.
Kd2 Rd7 36. Kc3 Re6 37. Rg4 Kh7 38. Ne3 Ne7 39. Rh4 Kg8 40. Nc4 Nc6 41. Rf1 Kh7
42. Rh2 Kg8 43. Rhf2 Kf7 44. Ne3 Kg8 45. Nf5 Ne7 46. Nh4 Rd8 47. Nf3 Nc6 48. Kc4
Nd4 49. Nh4 Nc6 50. Nf3 Nd4 51. fxe5 Nxf3 52. Rxf3 Rxe5 53. Rf5 Rxf5 54. exf5 c6
55. Rf4 Rd5 56. g4 Kf7 57. d4 cxd4 58. Rxd4 Rxd4+ 59. Kxd4 Ke7 60. c3 Kd6 61.
Kc4 Ke5 62. b4 Kd6 63. Kd4 c5+ 64. Kc4 Kc6 65. bxa5 bxa5 66. Kd3 Kd5 67. c4+ Kc6
68. Ke4 Kd6 1/2-1/2

[Event "Olimpiade 2014 - Open"]
[Site "Tromsø"]
[Date "08.08.2014"]
[Round "6.20"]
[Board "4"]
[White "Nezad, Husein Aziz"]
[Black "Halkias, Stelios"]
[Result "1-0"]
[WhiteTitle "IM"]
[BlackTitle "GM"]
[WhiteElo "2365"]
[BlackElo "2544"]
[WhiteTeam "Qatar"]
[BlackTeam "Greece"]
[WhiteFideId "12100293"]
[BlackFideId "4201809"]
[EventDate "2014.08.02"]

1. d4 Nf6 2. c4 e6 3. Nf3 d5 4. Nc3 Bb4 5. cxd5 exd5 6. Bg5 h6 7. Bh4 c5 8. e3
c4 9. Nd2 g5 10. Bg3 Bf5 11. Be5 Bxc3 12. bxc3 Nbd7 13. Be2 Qa5 14. Rc1 Nxe5 15.
dxe5 Ne4 16. Nxe4 Bxe4 17. O-O O-O-O 18. Qd4 Qb6 19. f3 Bg6 20. Rcd1 Rhe8 21. f4
gxf4 22. exf4 Be4 23. Rf2 Qxd4 24. Rxd4 b5 25. Bh5 Re7 26. Rb2 Rb7 27. a3 a5 28.
Kf2 Kb8 29. Rbd2 b4 30. axb4 axb4 31. Rxc4 dxc4 32. Rxd8+ Kc7 33. Rd4 b3 34.
Rxc4+ Kd8 35. Rxe4 b2 36. Re1 b1=Q 37. Rxb1 Rxb1 38. Bxf7 Rc1 39. c4 Rc3 40. Bd5
Kc7 41. f5 Kb6 1-0

[Event "Olimpiade 2014 - Open"]
[Site "Tromsø"]
[Date "08.08.2014"]
[Round "6.21"]
[Board "2"]
[White "Delgado Ramirez, Neuris"]
[Black "Kamsky, Gata"]
[Result "1/2-1/2"]
[WhiteTitle "GM"]
[BlackTitle "GM"]
[WhiteElo "2602"]
[BlackElo "2706"]
[WhiteTeam "Paraguay"]
[BlackTeam "United States of America"]
[WhiteFideId "3503631"]
[BlackFideId "2000024"]
[EventDate "2014.08.02"]

1. e4 c5 2. Nf3 e6 3. Nc3 a6 4. d4 cxd4 5. Nxd4 b5 6. Bd3 Bb7 7. O-O Nc6 8. Nxc6
Bxc6 9. Re1 Bc5 10. Qh5 Qb6 11. Be3 Bxe3 12. Rxe3 Ne7 13. Nd5 Qd8 14. Nxe7 Qxe7
15. e5 h6 16. Rg3 g6 17. Qe2 Qc5 18. a3 a5 19. Re1 b4 20. axb4 axb4 21. Qd2 h5
22. h4 Qd4 23. Qg5 Qxb2 24. Qf6 Rg8 25. Be4 Ra1 26. Re3 Bxe4 27. Rxe4 d5 28. Re2
Qc3 29. Rxa1 Qxa1+ 30. Kh2 Qd1 31. Qf3 Kf8 32. Qe3 Kg7 33. Rd2 Qc1 34. Qf4 Rb8
35. g4 hxg4 36. h5 Rh8 37. Qf6+ Kg8 38. Qd8+ Kg7 39. Qf6+ Kg8 40. Qd8+ Kg7 41.
Qf6+ 1/2-1/2

[Event "Olimpiade 2014 - Open"]
[Site "Tromsø"]
[Date "08.08.2014"]
[Round "6.21"]
[Board "3"]
[White "Akobian, Varuzhan"]
[Black "Cubas, Jose Fernando"]
[Result "1-0"]
[WhiteTitle "GM"]
[BlackTitle "GM"]
[WhiteElo "2653"]
[BlackElo "2455"]
[WhiteTeam "United States of America"]
[BlackTeam "Paraguay"]
[WhiteFideId "13300580"]
[BlackFideId "3700267"]
[EventDate "2014.08.02"]

1. d4 d5 2. c4 c6 3. Nc3 Nf6 4. Nf3 dxc4 5. a4 Bf5 6. Ne5 Nbd7 7. Nxc4 Qc7 8. g3
e5 9. dxe5 Nxe5 10. Bf4 Rd8 11. Qc1 Bd6 12. Nxd6+ Qxd6 13. Bg2 O-O 14. O-O a5
15. Rd1 Qe7 16. h3 Ng6 17. Qe3 Qb4 18. Bc7 Rxd1+ 19. Rxd1 Qxb2 20. Bxa5 h6 21.
Qb6 Qc2 22. Qxb7 Nd5 23. Bxd5 cxd5 24. Qxd5 Bxh3 25. Qd3 Qb3 26. Rb1 Qe6 27. Rb6
Qc8 28. Bb4 Re8 29. Bd6 Ne5 30. Bxe5 Rxe5 31. Rd6 Re8 32. a5 Qa8 33. Qd5 Be6 34.
Qb5 Rc8 35. Ra6 Qb8 36. Qxb8 Rxb8 37. Rc6 Kf8 38. f4 Ra8 39. Rc5 Ke7 40. f5 Kd6
41. Ne4+ 1-0

[Event "Olimpiade 2014 - Open"]
[Site "Tromsø"]
[Date "08.08.2014"]
[Round "6.21"]
[Board "4"]
[White "Vazquez, Guillermo"]
[Black "Shankland, Samuel L"]
[Result "0-1"]
[WhiteTitle "FM"]
[BlackTitle "GM"]
[WhiteElo "2323"]
[BlackElo "2624"]
[WhiteTeam "Paraguay"]
[BlackTeam "United States of America"]
[WhiteFideId "3702308"]
[BlackFideId "2004887"]
[EventDate "2014.08.02"]

1. e4 c6 2. d4 d5 3. e5 Bf5 4. h4 h5 5. Bg5 Qb6 6. Bd3 Qxd4 7. Nf3 Qg4 8. O-O
Bxd3 9. Qxd3 e6 10. Nbd2 Be7 11. c4 Bxg5 12. Nxg5 Ne7 13. Qb3 b6 14. cxd5 cxd5
15. Rac1 Nbc6 16. f4 Rc8 17. Qd3 Nf5 18. Ndf3 O-O 19. Nh2 Qg3 20. Qd1 Nxe5 21.
Rxc8 Rxc8 22. fxe5 Qe3+ 0-1

[Event "Olimpiade 2014 - Open"]
[Site "Tromsø"]
[Date "08.08.2014"]
[Round "6.22"]
[Board "1"]
[White "Ragger, Markus"]
[Black "Sadorra, Julio Catalino"]
[Result "1-0"]
[WhiteTitle "GM"]
[BlackTitle "GM"]
[WhiteElo "2644"]
[BlackElo "2590"]
[WhiteTeam "Austria"]
[BlackTeam "Philippines"]
[WhiteFideId "1610856"]
[BlackFideId "5201268"]
[EventDate "2014.08.02"]

1. Nf3 Nf6 2. c4 g6 3. Nc3 Bg7 4. e4 d6 5. d4 O-O 6. Be2 e5 7. O-O exd4 8. Nxd4
Re8 9. f3 c6 10. Kh1 Nbd7 11. Bf4 Nh5 12. Bxd6 Qf6 13. Nb3 Nf4 14. c5 a5 15.
Bxf4 Qxf4 16. Na4 Qb8 17. Qc2 Be5 18. Bc4 Bxh2 19. f4 Bg3 20. Nd4 Nf6 21. Bxf7+
Kxf7 22. Qb3+ Kg7 23. Qxg3 Rxe4 24. Qc3 Bg4 25. Nb6 Qd8 26. Nxa8 Rxd4 27. Rae1
Kh6 28. Qg3 Rd3 29. Qh4+ Nh5 30. Qxg4 Rg3 31. Qe2 Rh3+ 32. Kg1 Ng3 33. Qe5 Rh5
34. f5 Rh1+ 35. Kf2 Nxf1 36. Qf4+ Kh5 37. g4+ Kh4 38. Qh6+ 1-0

[Event "Olimpiade 2014 - Open"]
[Site "Tromsø"]
[Date "08.08.2014"]
[Round "6.22"]
[Board "2"]
[White "Gomez, John Paul"]
[Black "Shengelia, David"]
[Result "0-1"]
[WhiteTitle "GM"]
[BlackTitle "GM"]
[WhiteElo "2526"]
[BlackElo "2556"]
[WhiteTeam "Philippines"]
[BlackTeam "Austria"]
[WhiteFideId "5201381"]
[BlackFideId "13601270"]
[EventDate "2014.08.02"]

1. c4 e6 2. Nc3 Bb4 3. d4 b6 4. e4 Bb7 5. d5 Ne7 6. Bd3 Bxc3+ 7. bxc3 Na6 8. Be3
O-O 9. Ne2 f5 10. Rb1 fxe4 11. Bxe4 Nf5 12. Bxf5 Rxf5 13. Nd4 Rf7 14. dxe6 dxe6
15. O-O Qh4 16. Qe2 Nc5 17. f3 e5 18. Nb3 Na4 19. Rfc1 e4 20. f4 c5 21. Qc2 Bc6
22. Nd2 Rd8 23. Re1 Qf6 24. Rbc1 Rd3 25. Nxe4 Bxe4 26. Qxa4 Re7 27. Bf2 Qxf4 28.
Rc2 Qg4 29. Bg3 Rxg3 0-1

[Event "Olimpiade 2014 - Open"]
[Site "Tromsø"]
[Date "08.08.2014"]
[Round "6.22"]
[Board "3"]
[White "Kreisl, Robert"]
[Black "Torre, Eugenio"]
[Result "1/2-1/2"]
[WhiteTitle "IM"]
[BlackTitle "GM"]
[WhiteElo "2432"]
[BlackElo "2438"]
[WhiteTeam "Austria"]
[BlackTeam "Philippines"]
[WhiteFideId "1613880"]
[BlackFideId "5200016"]
[EventDate "2014.08.02"]

1. d4 Nf6 2. c4 c6 3. Nc3 d5 4. Nf3 dxc4 5. a4 Bf5 6. Ne5 Na6 7. e3 Nb4 8. Bxc4
e6 9. O-O Bd6 10. Qe2 h6 11. e4 Bh7 12. Bf4 O-O 13. Bg3 Qc7 14. f4 Rae8 15. Kh1
a6 16. f5 c5 17. Nxf7 Bxg3 18. fxe6 Bh4 19. e5 Bg6 20. exf6 Bxf6 21. Ne5 Bxe5
22. e7+ Rf7 23. Bxf7+ Bxf7 24. dxe5 Rxe7 25. Rae1 c4 26. Qf3 Nd3 27. Nd5 Nxe1
28. Nxe7+ Qxe7 29. Rxe1 Qb4 30. Qc3 Qxa4 31. e6 Be8 32. Qe5 Qc6 33. h4 Qb5 34.
Qd4 Qc6 35. e7 b5 36. Re3 Qg6 37. Qd8 Kh7 38. Kh2 Bc6 39. Rg3 Qe4 40. Kh3 Qe6+
41. Kh2 Qe4 42. Kh3 Qe6+ 43. Kh2 1/2-1/2

[Event "Olimpiade 2014 - Open"]
[Site "Tromsø"]
[Date "08.08.2014"]
[Round "6.22"]
[Board "4"]
[White "Bersamina, Paulo"]
[Black "Diermair, Andreas"]
[Result "1/2-1/2"]
[WhiteTitle "FM"]
[BlackTitle "IM"]
[WhiteElo "2363"]
[BlackElo "2447"]
[WhiteTeam "Philippines"]
[BlackTeam "Austria"]
[WhiteFideId "5206995"]
[BlackFideId "1612468"]
[EventDate "2014.08.02"]

1. e4 e5 2. Nf3 Nc6 3. c3 d5 4. Qa4 f6 5. exd5 Qxd5 6. Bb5 Ne7 7. O-O e4 8. Nd4
Bd7 9. Nxc6 Nxc6 10. d4 exd3 11. Rd1 a6 12. Bxd3 Nb4 13. Qb3 Qxb3 14. axb3 Nxd3
15. Rxd3 Bd6 16. Be3 Bf5 17. Rd2 O-O-O 18. Na3 Be7 19. Nc4 Rxd2 20. Nxd2 Rd8 21.
b4 Bd3 22. f3 b6 23. Kf2 Kb7 24. Nb3 Bd6 25. g3 h5 26. Nd4 Rh8 27. Rd1 Bg6 28.
Ne2 h4 29. Bf4 hxg3+ 30. hxg3 Bxf4 31. Nxf4 Bf7 32. Rd7 Rf8 33. Re7 Kc6 34. Re1
Kd6 35. Rd1+ Kc6 36. Re1 Rh8 37. Re7 Rf8 1/2-1/2